| 000 | 00780cam a22002053a 4500 | ||
|---|---|---|---|
| 001 | 44692 | ||
| 003 | PGUSA | ||
| 005 | 20140828084024.0 | ||
| 008 | 140118s2014||||xxu|||||s|||||000 | eng d | ||
| 040 |
_aPGUSA _beng |
||
| 042 | _adc | ||
| 100 | 1 |
_aStephens, H. L. _q(Henry Louis), _d1824-1882 |
|
| 245 | 1 | 0 |
_aJourneys and Experiences in Argentina, Paraguay, and Chile : _bIncluding a Side Trip to the Source of the Paraguay River in the State of Matto Grosso, Brazil, and a Journey Across the Andes to the Rio Tambo in Peru _h[electronic resource] / _cH. L. Stephens |
| 260 |
_bProject Gutenberg, _c2014 |
||
| 506 | _aPublic domain in the USA. | ||
| 516 | _aElectronic text | ||
| 830 | 0 |
_aProject Gutenberg _v44692 |
|
| 856 | 4 | 0 | _uhttp://www.gutenberg.org/ebooks/44692 |
| 942 | _cEB | ||
| 999 |
_c273943 _d273943 |
||